00536nam a2200181 a 45000010010000000030011000100080041000210350026000620820014000881000019001022450027001212600057001486500012002059420012002179520090002299980020003199990015003390000-9388ELIB.Books110520 1952  a(ELIB.Books)0000-9540 a266 bCab aCable, Mildred aWhy not for the World? bLondon: The British and Foreign Bible Society c1952 aMission 2ddccBK 00102ddc4070aKBTSbKBTSd2011-05-20l0p2391r2022-01-22 00:00:00w2022-01-22yBK cbate2011-05-20 c9388d9388